|
|
|
|
| LEADER |
00000nam0a2200000 4500 |
| 001 |
218410 |
| 005 |
20231101230208.0 |
| 010 |
|
|
|a 9785996307456
|
| 035 |
|
|
|a (RuTPU)RU\TPU\book\238436
|
| 090 |
|
|
|a 218410
|
| 100 |
|
|
|a 20120620d2012 km y0rusy50 ca
|
| 101 |
0 |
|
|a rus
|
| 102 |
|
|
|a RU
|
| 105 |
|
|
|a a z 001zy
|
| 200 |
1 |
|
|a Управление программами проектов на основе стандарта PMI The Standard for Program Management. Изложение методологии и рекомендации по применению
|f А. Н. Павлов
|
| 210 |
|
|
|a Москва
|c БИНОМ. Лаборатория знаний
|d 2012
|
| 215 |
|
|
|a 304 с.
|c ил.
|
| 225 |
1 |
|
|a Проекты, программы, портфели
|
| 320 |
|
|
|a Глоссарий: с. 294-299.
|
| 330 |
|
|
|a Целью данной книги является обобщение многолетнего опыта автора по управлению крупными технологическими программами и проектами, а также разработки стандартов и методических рекомендаций, участия во многих международных и отечественных конференциях и симпозиумах, чтения лекций и учебных курсов в данной области. Большинству специалистов будут особенно интересны практический опыт и уроки, полученные в ходе управления программами проектов на основе использования стандарта PMI The Standard for Program Management®. Помимо изложения стандарта книга содержит ценные авторские комментарии и рекомендации, существенно дополняющие и обогащающие ее основное содержание. Книга предназначена для менеджеров высшего и среднего звена, руководителей программ и проектов и специалистов, участвующих в проектах, во внедрении корпоративных систем управления программами или в проведении крупных комплексных проектов и программ.
|
| 606 |
1 |
|
|a Проектный менеджмент
|2 stltpush
|3 (RuTPU)RU\TPU\subj\69898
|9 84559
|
| 610 |
1 |
|
|a управление
|
| 610 |
1 |
|
|a проекты
|
| 610 |
1 |
|
|a программы
|
| 610 |
1 |
|
|a стандарт PMI
|
| 610 |
1 |
|
|a методология
|
| 610 |
1 |
|
|a применение
|
| 610 |
1 |
|
|a программы проектов
|
| 610 |
1 |
|
|a инновационные программы
|
| 610 |
1 |
|
|a инновационные проекты
|
| 610 |
1 |
|
|a интеграция
|
| 610 |
1 |
|
|a сроки
|
| 610 |
1 |
|
|a содержание
|
| 610 |
1 |
|
|a коммуникации
|
| 610 |
1 |
|
|a риски
|
| 610 |
1 |
|
|a поставки
|
| 610 |
1 |
|
|a финансы
|
| 610 |
1 |
|
|a заинтересованность
|
| 610 |
1 |
|
|a высокоуровневое руководство
|
| 686 |
|
|
|a У9(2)212
|v LBC/SL-A
|2 rubbk
|
| 700 |
|
1 |
|a Павлов
|b А. Н.
|g Александр Николаевич
|
| 801 |
|
1 |
|a RU
|b 63413507
|c 20120620
|
| 801 |
|
2 |
|a RU
|b 63413507
|c 20121106
|g RCR
|
| 900 |
|
|
|a Управление проектами
|
| 942 |
|
|
|c BK
|
| 959 |
|
|
|a 93/20120620
|d 1
|e 330,00
|f ЧЗТЛ:1
|